01711nam a22002177a 450000500170000000800410001702000180005804000070007604100120008308200180009510000260011324500250013926000450016430000290020936500550023852009740029365000220126794200130128999900190130295201720132120250805144730.0241112b ||||| |||| 00| 0 eng d a9789356295698 cAL aEnglish 223a920bMATR aThomas Mathew9234012 aRatan Tatab: A Life aHaryanabHarper Collins Publishersc2024 axv,668 p.bHBc24x15 cm. a4698b₹1199.00c₹d₹1499.00e20%f26-10-2024 aRatan Tata was one of the most influential and inspirational personalities of our time--an iconic business leader who was instrumental in transforming independent India's industrial landscape. Established in 1868, the Tata Group spans a gamut of industries, from salt to steel to software, and is synonymous with quality and trust. It operates in more than 100 countries, impacting the lives of billions of people around the world. The abiding goodwill and respect that the Tata brand carries today can be traced back largely to the vision and integrity of one individual who spearheaded the conglomerate for over two decades--Ratan Tata. This much-anticipated biography traces Ratan Tata’s years in immaculate detail, from his lonely childhood to his irrepressible youthful exuberance, from his first major job in the conglomerate to being appointed chairman of Tata Sons in 1991 to his role as the head of Tata Trusts, India’s largest philanthropic enterprise.  aBiography9185020 2ddccREF c231903d231903 00102ddc40708MANaALbALcSKd2024-11-11eBiblios Book Point Surathkal Mangalore 575014g1199.00l0o920 MATRp077360r2024-11-12 00:00:00v1499.00w2024-11-12yBK